[Event "FIDE World Cup Gp D"]
[Site "Hyderabad IND"]
[Date "2002.10.13"]
[Round "4"]
[White "Ganguly,S"]
[Black "Harikrishna,P"]
[Result "1/2-1/2"]
[WhiteElo "2531"]
[BlackElo "2551"]

1.e4 c5 2.Nf3 Nc6 3.Nc3 d6 4.d4 cxd4 5.Nxd4 Nf6 6.Be2 e6 7.O-O Bd7 8.Be3 Nxd4
9.Bxd4 Bc6 10.Bd3 Be7 11.f4 O-O 12.Qe2 Qc7 13.Kh1 a6 14.a4 Nd7 15.Rae1 e5
16.Be3 exf4 17.Bxf4 Bf6 18.Qd2 Be5 19.Bc4 Rae8 20.Bxe5 Rxe5 21.Ba2 Nc5 22.Qd4 Qe7  1/2-1/2

[Event "Essent Open"]
[Site "Hoogeveen NED"]
[Date "2002.10.16"]
[Round "6"]
[White "Radulski,J"]
[Black "Vanderstricht,G"]
[Result "1/2-1/2"]
[WhiteElo "2487"]
[BlackElo "2403"]

1.e4 c5 2.Nc3 Nc6 3.Nf3 e5 4.Bc4 d6 5.d3 Be7 6.a4 Nf6 7.h3 O-O 8.O-O Nb4
9.Ne2 Qc7 10.c3 d5 11.exd5 Nbxd5 12.Ng3 Bd7 13.Re1 Bd6 14.Ng5 Rad8 15.Nh5 Bc6
16.Ne4 Nxh5 17.Qxh5 Be7 18.Ng3 Bf6 19.a5 g6 20.Qd1 Bg7 21.Ne4 b5 22.axb6 Nxb6
23.Qb3 Nxc4 24.Qxc4 Bxe4 25.dxe4 Rd7 26.Be3 Rc8 27.Red1 Bf8 28.Rd5 Rb8 29.Ra2 Rbd8
30.Rxd7 Rxd7 31.Kh2 Kg7 32.g4 Be7 33.Kg2 h6 34.Ra3 Qb7 35.Rb3 Qc6 36.Rb8 Rb7
37.Rxb7 Qxb7 38.b3 Bf8 39.Kf1 Qe7 40.Qd5 Qc7 41.Ke2 Kg8 42.Qa8 g5 43.h4 c4
44.b4 Qd7 45.hxg5  1/2-1/2

[Event "6th OIBM"]
[Site "Bad Wiessee GER"]
[Date "2002.10.26"]
[Round "1"]
[White "Aronian,L"]
[Black "Solger,B"]
[Result "1-0"]
[WhiteElo "2581"]
[BlackElo "2075"]

1.e4 c5 2.Nc3 Nc6 3.Nf3 e6 4.Bb5 Nge7 5.O-O g6 6.Bxc6 Nxc6 7.d4 cxd4 8.Nxd4 Bg7
9.Ndb5 O-O 10.Nd6 f5 11.exf5 gxf5 12.Re1 b6 13.Re3 Ba6 14.Rg3 Kh8 15.Qh5 Qe7
16.Bg5 Bf6 17.Nxf5 Qf7 18.Qxf7 Rxf7 19.Nd6 Rff8 20.Bxf6+ Rxf6 21.Nce4 Rf4
22.Re1 Raf8 23.Ra3 Bc8 24.f3 a5 25.g3 R4f5 26.Nxf5 exf5 27.Nd6 Nd4 28.Rd1  1-0

[Event "Olympiad w"]
[Site "Bled SLO"]
[Date "2002.10.28"]
[Round "3"]
[White "Micic,J"]
[Black "Ptacnikova,L"]
[Result "0-1"]
[WhiteElo "2357"]
[BlackElo "2224"]

1.e4 c5 2.Nc3 Nc6 3.Bb5 e6 4.d3 Nge7 5.Nf3 a6 6.Bxc6 Nxc6 7.O-O Be7 8.e5 d6
9.exd6 Qxd6 10.Ne4 Qc7 11.Bg5 f6 12.Be3 b6 13.d4 cxd4 14.Nxd4 e5 15.Nb3 Be6
16.Nc3 Rd8 17.Qh5+ Bf7 18.Qg4 O-O 19.Na4 Rb8 20.f4 f5 21.Qg3 e4 22.Qf2 Bd8
23.Rfd1 Qb7 24.Rd2 Nb4 25.Nd4 g6 26.Nc3 Bf6 27.Rad1 Rfd8 28.a3 Nd5 29.Nxd5 Rxd5
30.a4 b5 31.axb5 axb5 32.h3 h5 33.g3 Rbd8 34.c3 R5d7 35.b3 Bxd4 36.Bxd4 Bxb3
37.Ra1 Ra8 38.Re1 Bc4 39.g4 hxg4 40.Qh4 Rh7 41.Qg5 Qc6 42.Bf6 Kf7 43.Red1 Bd3
44.Bd8 Qc5+ 45.Kg2 Qd6 46.c4 Qxd8 47.Qxd8 gxh3+  0-1

[Event "Olympiad"]
[Site "Bled SLO"]
[Date "2002.10.28"]
[Round "3"]
[White "Ramsingh,Y"]
[Black "Corbin,P"]
[Result "1-0"]
[WhiteElo "2200"]
[BlackElo "2255"]

1.e4 c5 2.Nc3 Nc6 3.Nf3 g6 4.g3 Bg7 5.Bg2 e6 6.O-O Nge7 7.d3 d5 8.Re1 d4
9.Nb1 e5 10.Nbd2 O-O 11.a4 h6 12.Nc4 Be6 13.c3 dxc3 14.bxc3 Qd7 15.Qc2 Rad8
16.Bf1 f5 17.exf5 Rxf5 18.Nfd2 Nd4 19.cxd4 Rxf2 20.Kxf2 Rf8+ 21.Nf3 Bg4 22.Bg2 e4
23.Rxe4 Bxd4+ 24.Ne3 Bxf3 25.Bxf3 Bxa1 26.Qa2+ Rf7 27.Rf4  1-0

[Event "Olympiad w"]
[Site "Bled SLO"]
[Date "2002.10.28"]
[Round "3"]
[White "Velcheva,M"]
[Black "Partac,E"]
[Result "1/2-1/2"]
[WhiteElo "2303"]
[BlackElo "2205"]

1.e4 c5 2.Nf3 Nc6 3.Nc3 g6 4.d4 cxd4 5.Nxd4 Bg7 6.Be3 Nf6 7.Bc4 Qa5 8.O-O O-O
9.Nb3 Qc7 10.Bg5 a6 11.Be2 b5 12.Nd5 Qb8 13.Nxf6+ exf6 14.Be3 Re8 15.a4 Rxe4
16.axb5 axb5 17.Rxa8 Qxa8 18.Bxb5 f5 19.c3 Re5 20.Qd3 Bb7 21.Ra1 Qf8 22.Bf4 Re4
23.Qxd7 Re7 24.Qd2 Qe8 25.Nc5 Ba8 26.Bd6 Qd8 27.Bxe7 Qxd2 28.Rxa8+ Bf8 29.Bxf8 Qd1+
30.Bf1 h5 31.Bh6+ Kh7 32.Be3 Kg7 33.g3 g5 34.Bxg5 Ne5 35.Be3 Nf3+ 36.Kg2 Qd5
37.Ra1 Ng5+ 38.Kg1 Nf3+ 39.Kg2 Ng5+ 40.Kg1 Nf3+ 41.Kg2 Ng5+  1/2-1/2

[Event "Open"]
[Site "Le Touquet FRA"]
[Date "2002.10.28"]
[Round "3"]
[White "Clery,N"]
[Black "Michiels,B"]
[Result "1/2-1/2"]
[WhiteElo "2333"]
[BlackElo "2254"]

1.Nf3 c5 2.e4 Nc6 3.Nc3 Nf6 4.Bc4 e6 5.d3 d5 6.Bb5 Be7 7.e5 Nd7 8.Bxc6 bxc6
9.Qe2 O-O 10.O-O Rb8 11.Nd1 Re8 12.Bf4 Nf8 13.c4 Ng6 14.Bg3 Rb4 15.b3 Bf8
16.Nc3 Ne7 17.Rfe1 Nf5 18.Bf4 Nd4 19.Qd1 Qc7 20.Na4 Rd8 21.Nxd4 cxd4 22.c5 Ba6
23.Rc1 Rb7 24.Qd2 Rdb8 25.Qc2 Qd8 26.Bd2 Qh4 27.f4 Qg4 28.Rf1 f6 29.Rce1 Qf5
30.Rf3 g6 31.Nb2 Bg7 32.Nd1 fxe5 33.fxe5 Qh5 34.Nf2 Rf8 35.Rh3 Qf5 36.Rf3 Qh5  1/2-1/2

[Event "10th Chigorin Mem B"]
[Site "St Petersburg RUS"]
[Date "2002.10.28"]
[Round "4"]
[White "Kondenko,A"]
[Black "Kuzubov,Y"]
[Result "1/2-1/2"]
[WhiteElo "2312"]
[BlackElo "2186"]

1.e4 c5 2.Nf3 Nc6 3.Nc3 g6 4.d4 cxd4 5.Nxd4 Bg7 6.Be3 Nf6 7.Nb3 O-O 8.Be2 d6
9.O-O Be6 10.f4 Na5 11.f5 Bc4 12.Bd3 Nxb3 13.axb3 Bxd3 14.Qxd3 a6 15.h3 Rc8
16.Rf2 Nd7 17.Raf1 Nc5 18.Qd5 e6 19.fxe6 fxe6 20.Rxf8+ Bxf8 21.Qd1 Bg7 22.Qg4 Qe8
23.Bf4 Bxc3 24.bxc3 e5 25.Bh6 Qd7 26.Qd1 Qe6 27.Qf3 Qe7 28.h4 Ne6 29.Qg4 Re8
30.g3 Ng7 31.Bg5 Qe6 32.Qf3 Rc8 33.Bh6 Rd8 34.c4 Rc8 35.Rf2 Re8 36.Kg2 Rd8
37.g4 Re8 38.Kg3 Qe7 39.Bg5 Qe6 40.Bh6 Qe7 41.Qd3 Qe6 42.Qf1 Qd7 43.Qd3 Qc6
44.Qf3 Qd7 45.Qf6 Ne6 46.Rd2 Rd8 47.Rf2 Re8 48.h5 gxh5 49.gxh5 Qe7 50.Qxe7 Rxe7
51.Rf6 Re8 52.Kg4 Re7 53.c3 Re8 54.b4 b5 55.Kf5 Nc7 56.Rxd6 bxc4 57.Bg5 Nb5
58.Rd7 Nxc3 59.Bf6 h6 60.Rg7+ Kf8 61.Rh7 Ne2 62.Bxe5 c3 63.Rc7 Rb8 64.Rxc3 Rb5
65.Rd3 Ke8 66.Ke6 Rxb4 67.Re3 Rb6+ 68.Kf5 Nc1 69.Bf6 Rb3 70.Rxb3 Nxb3 71.Kg6  1/2-1/2

[Event "Olympiad"]
[Site "Bled SLO"]
[Date "2002.10.29"]
[Round "4"]
[White "Poulsen,Ma"]
[Black "Rowe,D"]
[Result "0-1"]
[WhiteElo "2160"]
[BlackElo "2195"]

1.e4 c5 2.Nc3 Nc6 3.Bb5 g6 4.Bxc6 bxc6 5.d3 Bg7 6.Qe2 Rb8 7.e5 Qc7 8.Nf3 Nh6
9.Bg5 Ng4 10.Ne4 Nxe5 11.Nxe5 Qxe5 12.O-O d5 13.Bd2 O-O 14.Bc3 d4 15.Be1 f5
16.f3 Qe6 17.Ng3 Qxe2 18.Nxe2 Rxb2 19.Bh4 Rxc2 20.Ng3 Bf6 21.Bxf6 Rxf6 22.Rfc1 Rxc1+
23.Rxc1 Ba6 24.Rxc5 Bxd3 25.Kf2 Re6 26.Rc1 Bb5 27.Re1 Rxe1 28.Kxe1 Kf7 29.Kd2 Ke6
30.Nh1 Bf1 31.g3 Bg2 32.Nf2 Bxf3 33.Nd3 Kd6 34.Nc1 c5 35.Nb3 Bd5 36.Nc1 e5
37.a3 Bc4 38.Kd1 g5 39.Kd2 f4 40.gxf4 gxf4 41.Nd3 Bxd3  0-1

[Event "Olympiad"]
[Site "Bled SLO"]
[Date "2002.10.29"]
[Round "4"]
[White "Ramirez,Al"]
[Black "Khairallah,F"]
[Result "1-0"]
[WhiteElo "2421"]
[BlackElo "2228"]

1.e4 c5 2.Nf3 Nc6 3.Nc3 d6 4.d4 cxd4 5.Nxd4 Nf6 6.Be2 e5 7.Nb3 Be6 8.f4 exf4
9.Bxf4 Be7 10.O-O O-O 11.Qe1 Nd7 12.Kh1 Nde5 13.Nd5 Bg5 14.Bg3 Bxd5 15.exd5 Ne7
16.Rd1 N7g6 17.Nd4 Bh4 18.Nf5 Bxg3 19.Qxg3 Kh8 20.Qa3 Rc8 21.c4 Nxc4 22.Bxc4 Rxc4
23.Nxd6 Rf4 24.Rxf4 Nxf4 25.Nxb7 Qc8 26.Qb4 g5 27.d6 Qg4 28.Qd2 Kg8 29.d7 Nxg2
30.d8=Q Nf4 31.Qxg5+  1-0

[Event "Olympiad"]
[Site "Bled SLO"]
[Date "2002.10.29"]
[Round "4"]
[White "Kupreichik,V"]
[Black "Speck,N"]
[Result "1-0"]
[WhiteElo "2485"]
[BlackElo "2371"]

1.e4 c5 2.Ne2 Nc6 3.Nbc3 d6 4.d4 cxd4 5.Nxd4 Nf6 6.Bc4 Qb6 7.Nb3 e6 8.Bf4 Ne5
9.Be2 Bd7 10.g4 Bc6 11.f3 Be7 12.Qd2 O-O 13.Be3 Qc7 14.g5 Nfd7 15.f4 Ng6
16.h4 Nc5 17.Bf3 b5 18.h5 b4 19.hxg6 bxc3 20.Qh2  1-0

[Event "10th Chigorin Mem"]
[Site "St Petersburg RUS"]
[Date "2002.10.29"]
[Round "5"]
[White "Drozdov,I"]
[Black "Terentiev,V"]
[Result "1-0"]
[WhiteElo "2445"]
[BlackElo "2397"]

1.e4 c5 2.Nc3 Nc6 3.Nf3 g6 4.d4 cxd4 5.Nxd4 Bg7 6.Nb3 b6 7.Bg5 Bb7 8.Be2 Nf6
9.O-O Rc8 10.f4 d6 11.Kh1 O-O 12.Qe1 h6 13.Bh4 Nb4 14.Bd1 Qd7 15.a3 Na6 16.Bf3 e5
17.Bxf6 Bxf6 18.f5 Nc7 19.Rd1 Kg7 20.Be2 Qe7 21.Bc4 b5 22.Bd3 a6 23.Qg3 g5
24.Qf3 Rcd8 25.Ne2 d5 26.Ng3 d4 27.Nc1 Rd6 28.Nce2 Rfd8 29.Nh5+ Kh8 30.Ng1 Rg8
31.Qg4 Ne8 32.Nh3 Ng7 33.Nxg7 Kxg7 34.Qh5 Kf8 35.Nf2 Rh8 36.Ng4 Ke8 37.Rf3 Kd8
38.Rh3 Bg7 39.f6 Bxf6 40.Rf1 Bc8 41.Rg3 Bxg4 42.Rxg4 Rg8 43.Rg3 Rg6 44.Rgf3 Qe6
45.b3 Qc8 46.Rf5 Qc3 47.Qd1 Rc6 48.a4 bxa4 49.bxa4 Qb2 50.Qe1 Qb6 51.Qa1 g4
52.Qa2 Qc7 53.Rb1 Ke7 54.Qd5 Kf8 55.g3 Rb6 56.Rxb6 Qxb6 57.Qa8+ Bd8 58.Rxe5 Kg7  1-0

[Event "Olympiad"]
[Site "Bled SLO"]
[Date "2002.10.30"]
[Round "5"]
[White "Movsesian,S"]
[Black "Kasimdzhanov,R"]
[Result "1/2-1/2"]
[WhiteElo "2651"]
[BlackElo "2653"]

1.e4 c5 2.Nc3 Nc6 3.Nge2 Nf6 4.g3 g6 5.d4 cxd4 6.Nxd4 Bg7 7.Nde2 O-O 8.Bg2 d6
9.O-O Bd7 10.h3 Rb8 11.a4 a6 12.Re1 b5 13.axb5 axb5 14.Nd5 Ne8 15.Rb1 b4
16.b3 Nc7 17.Bb2 Bxb2 18.Rxb2 e5 19.Qd2 Nxd5 20.Qxd5 Qe7 21.Rd1 Rfd8 22.Rbb1 Be8
23.Rd2 Kg7 24.Rbd1 f6 25.Qd3 Bf7 26.Qe3 Na7 27.Rd3 Nb5 28.Qd2 Qc7 29.Rc1 Qc5
30.Bf3 Rbc8 31.h4 d5 32.exd5 f5 33.Bg2 e4 34.Re3 Bxd5 35.Qe1 Bf7 36.Kh2 Qd6
37.c4 bxc3 38.Nxc3 Nd4 39.Qf1 Nxb3 40.Rd1 Qf6 41.Rxd8 Rxd8 42.Ne2 h6 43.Qe1 Nd2
44.Qc1 Nc4 45.Rc3 Ne5 46.Kg1 Nd3 47.Qe3 g5 48.hxg5 Qxg5 49.Nd4 Qf6 50.Nxf5+ Qxf5
51.Bxe4  1/2-1/2

[Event "Olympiad"]
[Site "Bled SLO"]
[Date "2002.10.31"]
[Round "6"]
[White "Minasian,Art"]
[Black "Parligras,M"]
[Result "0-1"]
[WhiteElo "2560"]
[BlackElo "2490"]

1.e4 c5 2.Nc3 Nc6 3.Bb5 Nd4 4.Bc4 e6 5.Nf3 Nf6 6.O-O a6 7.e5 d5 8.exf6 dxc4
9.fxg7 Bxg7 10.d3 cxd3 11.cxd3 Bd7 12.Nxd4 Bxd4 13.Ne4 Bc6 14.Bg5 Qd5 15.Rc1 Rg8
16.Bf6 Rg6 17.Bxd4 cxd4 18.Rc5 Qxc5 19.Nxc5 Bxg2 20.Qh5 Bd5+ 21.Qxg6 hxg6
22.a3 Rc8 23.b4 a5 24.Rb1 axb4 25.axb4 Ra8 26.Nb3 Bxb3 27.Rxb3 Kd7 28.b5 Kd6
29.Rb4 e5 30.Kf1 Ra1+ 31.Ke2 Rh1 32.Rb2 f6 33.b6 Rc1 34.Ra2 Rb1 35.Ra8 Rxb6
36.h4 Ke6 37.Rh8 Rb2+ 38.Ke1 b5 39.Rb8 Kf5 40.Rb6 b4 41.Rb5 b3 42.Rb6 Rc2
43.Rxb3 Rc3 44.Rb8 Rxd3 45.Rh8 Rh3 46.Kf1 e4 47.Kg2 Ra3 48.h5 gxh5 49.Rxh5+ Kf4
50.Rh4+ Ke5 51.Rh8 f5 52.Re8+ Kf4 53.Rd8 d3 54.Rd5 Ra2 55.Kf1 Kg4 56.Kg2 e3  0-1

[Event "10th Chigorin Mem B"]
[Site "St Petersburg RUS"]
[Date "2002.10.31"]
[Round "6"]
[White "Korbut,E"]
[Black "Lependin,A"]
[Result "0-1"]
[WhiteElo "2304"]
[BlackElo "2369"]

1.e4 c5 2.Nf3 Nc6 3.Nc3 Nf6 4.d4 cxd4 5.Nxd4 e5 6.Ndb5 d6 7.Bg5 a6 8.Na3 b5
9.Nd5 Be7 10.Bxf6 Bxf6 11.c3 Bg5 12.Nc2 O-O 13.Be2 Rb8 14.O-O a5 15.Qd3 f5
16.Bf3 f4 17.Rfd1 Ne7 18.b4 Be6 19.Nxe7+ Bxe7 20.a4 Bc4 21.Qd2 axb4 22.Nxb4 bxa4
23.Nc6 Qc7 24.Nxb8 Rxb8 25.Be2 Bb3 26.Rdc1 Qc5 27.Bd1 Qc4 28.Bxb3 axb3 29.Re1 Rc8
30.Rac1 Ra8 31.Qd5+ Qxd5 32.exd5 Ra5 33.c4 Ra4 34.Kf1 Kf7 35.Rc3 e4 36.Rxb3 Rxc4
37.Rd1 Bf6 38.g3 g5 39.h4 h6 40.h5 Bd4 41.Rb7+ Kf6 42.Rh7 f3 43.Rxh6+ Kf5
44.g4+ Kf4 45.Ke1 Bxf2+ 46.Kxf2 Rc2+ 47.Kg1 e3 48.Rf6+ Kg3 49.h6 Rg2+ 50.Kh1 e2
51.Re1 Rh2+ 52.Kg1 Rxh6 53.Rf7 f2+  0-1

[Event "10th Chigorin Mem"]
[Site "St Petersburg RUS"]
[Date "2002.11.01"]
[Round "7"]
[White "Drozdov,I"]
[Black "Grachev,B"]
[Result "0-1"]
[WhiteElo "2445"]
[BlackElo "2489"]

1.e4 c5 2.Nc3 Nc6 3.Nf3 d6 4.d4 cxd4 5.Nxd4 Nf6 6.Be2 g6 7.Nb3 Bg7 8.O-O O-O
9.Bg5 a6 10.f4 Be6 11.Kh1 Rc8 12.Bf3 Nd7 13.Rb1 Nb4 14.a3 Bxc3 15.axb4 Bg7
16.c3 Nb6 17.Re1 Bxb3 18.Qxb3 Nc4 19.Qd1 Qc7 20.Qe2 Rfe8 21.Rbd1 Qb6 22.Bh4 a5
23.Bf2 Qc7 24.bxa5 Qxa5 25.Ra1 Qb5 26.Rab1 Qb3 27.Qd1 Qxd1 28.Rexd1 b5 29.Be2 Ra8
30.e5 dxe5 31.fxe5 Bxe5 32.Rd5 Bf6 33.Rxb5 Nd6 34.Rb4 Ra2 35.Re1 Rea8 36.Bg1 Ra1
37.Rxa1 Rxa1 38.g3 Ra2 39.Bd3 Kg7 40.Kg2 Bxc3 41.Bb1 Rxb2+ 42.Rxb2 Bxb2 43.Bc5 Be5
44.Bxd6 Bxd6 45.g4 Kf6 46.h4 h6 47.Bc2 Bb4 48.Kf2 Ke5 49.Ba4 Kf4 50.Be8 f6
51.h5 gxh5 52.gxh5 e5 53.Bb5 Bc5+ 54.Kg2 f5 55.Bd7 e4 56.Bc8 Kg5 57.Kf1 Bb6
58.Bd7 f4 59.Bc6 Kf5 60.Bd7+ Ke5 61.Kg2 Kd4  0-1

[Event "10th Chigorin Mem B"]
[Site "St Petersburg RUS"]
[Date "2002.11.01"]
[Round "7"]
[White "Kashtanov,R"]
[Black "Sibriaev,A"]
[Result "1-0"]
[WhiteElo "2387"]
[BlackElo "2300"]

1.e4 c5 2.Nc3 Nc6 3.Nge2 g6 4.d4 cxd4 5.Nxd4 Bg7 6.Be3 d6 7.Qd2 Nf6 8.f3 O-O
9.g4 Bd7 10.h4 h5 11.gxh5 Nxh5 12.O-O-O Rc8 13.Kb1 Qa5 14.Nb3 Qd8 15.Rg1 Ne5
16.Be2 Nc4 17.Bxc4 Rxc4 18.Bh6 Bc6 19.Nd5 b5 20.Bxg7 Kxg7 21.Ne3 Rh8 22.Nxc4 bxc4
23.Qc3+ Nf6 24.e5 Nd5 25.Qxc4 Qb6 26.exd6 exd6 27.Qd4+ Qxd4 28.Nxd4 Bd7 29.Nf5+ Bxf5
30.Rxd5  1-0

[Event "Olympiad"]
[Site "Bled SLO"]
[Date "2002.11.02"]
[Round "8"]
[White "Hector,J"]
[Black "Mieles Palau,D"]
[Result "1-0"]
[WhiteElo "2590"]
[BlackElo "2416"]

1.e4 c5 2.Nf3 Nc6 3.Nc3 e5 4.Bc4 d6 5.d3 Be7 6.Nd2 Bg5 7.h4 Bxd2+ 8.Bxd2 Nf6
9.Be3 Be6 10.Qd2 h6 11.f4 exf4 12.Bxf4 Qd7 13.O-O Ng4 14.Nd5 Qd8 15.Qe1 O-O
16.c3 Kh8 17.Qg3 Nce5 18.Bb3 Bxd5 19.Bxd5 Nf6 20.Bxe5 dxe5 21.Qxe5 Re8 22.Qg3 Nxd5
23.Rxf7 Rg8 24.exd5 Qxd5 25.Qf3 Qxf3 26.Rxf3 Rad8 27.Re1 Rd7 28.Kf2 Rgd8
29.Ke2 Rc8 30.Kd2 Rc6 31.Re8+ Kh7 32.h5 Rf6 33.Rxf6 gxf6 34.Ke3 Rg7 35.d4 cxd4+
36.cxd4  1-0

[Event "Olympiad"]
[Site "Bled SLO"]
[Date "2002.11.02"]
[Round "8"]
[White "Press,S"]
[Black "Neumann,Ha"]
[Result "1/2-1/2"]
[WhiteElo "2057"]
[BlackElo "2211"]

1.e4 c5 2.Nf3 Nc6 3.Nc3 g6 4.Bb5 Nd4 5.Bc4 Bg7 6.O-O e6 7.d3 Ne7 8.Nxd4 cxd4
9.Ne2 d5 10.exd5 Nxd5 11.Ng3 O-O 12.Qe2 f5 13.Bd2 f4 14.Ne4 f3 15.gxf3 Nf4
16.Bxf4 Rxf4 17.Ng3 Kh8 18.Bxe6 Bxe6 19.Qxe6 Qh4 20.Kg2 Raf8 21.Rae1 Rxf3
22.Qe4 Qf6 23.Re2 h5 24.Qe7 Qf4 25.Qe4 Qg5 26.h4 Qf6 27.Qe7 Qf4 28.Qg5 Qf7
29.Qe7 Qf4 30.Qg5  1/2-1/2

[Event "10th Chigorin Mem"]
[Site "St Petersburg RUS"]
[Date "2002.11.02"]
[Round "8"]
[White "Geller,J"]
[Black "Kokarev,D"]
[Result "1/2-1/2"]
[WhiteElo "2433"]
[BlackElo "2510"]

1.e4 c5 2.Nc3 Nc6 3.Nf3 e5 4.Bc4 d6 5.O-O h6 6.d3 g5 7.Nd5 Bg7 8.c3 Nge7
9.h4 g4 10.Nh2 Nxd5 11.exd5 Nb8 12.Bb5+ Kf8 13.Nxg4 Qxh4 14.Ne3 Rg8 15.Qf3 a6
16.Bc4 Nd7 17.Nf5 Qf6 18.Qh5 Nb6 19.Nxg7 Kxg7 20.f4 Nxc4 21.fxe5 Qg6 22.Qxg6+ fxg6
23.e6 Ne5 24.d4 cxd4 25.cxd4 Ng4 26.Rf7+ Kh8 27.Bf4 Re8 28.Re1 Kg8 29.Bxd6 Bxe6
30.dxe6 Rxe6 31.Rxe6 Kxf7 32.Re7+ Kf6 33.Rxb7 Kf5 34.Bb8 Ke4 35.a4 g5 36.a5 Kxd4
37.b4 Kc4 38.Rb6 h5 39.Bd6 Re8 40.g3 Re1+ 41.Kg2 Re2+ 42.Kf1 Kd3 43.Bc5 Nh2+
44.Kg1 Nf3+ 45.Kf1 Nd2+ 46.Kg1 Nf3+ 47.Kf1  1/2-1/2

[Event "10th Chigorin Mem"]
[Site "St Petersburg RUS"]
[Date "2002.11.03"]
[Round "9"]
[White "Asanov,Ti"]
[Black "Zakharchenko,A"]
[Result "1-0"]
[WhiteElo "2427"]
[BlackElo "2357"]

1.e4 c5 2.Nf3 Nc6 3.Nc3 g6 4.d4 cxd4 5.Nxd4 Bg7 6.Be3 Nf6 7.Nxc6 bxc6 8.e5 Ng8
9.Bd4 Qa5 10.e6 Nf6 11.exf7+ Kxf7 12.Bc4+ d5 13.Bb3 Ba6 14.Qd2 e5 15.Bxe5 Rae8
16.f4 Ng4 17.O-O-O Rxe5 18.h3 Re3 19.hxg4 Rxc3 20.f5 g5 21.f6 Bxf6 22.bxc3 Bxc3
23.Qf2+ Kg7 24.Rde1 Qa3+ 25.Kd1 Bc8 26.Qg3 Bf6 27.c3 Qa5 28.Rhf1 Rf8 29.Kc2 Qd8
30.Kb1 Bd7 31.Qd3 Be8 32.Qe3 Bg6+ 33.Kc1 Qa5 34.Kb2 Be4 35.Rxf6 Rxf6 36.Qxg5+ Kf7  1-0

[Event "Olympiad w"]
[Site "Bled SLO"]
[Date "2002.11.04"]
[Round "9"]
[White "Velcheva,M"]
[Black "Kosintseva,T"]
[Result "0-1"]
[WhiteElo "2303"]
[BlackElo "2427"]

1.e4 c5 2.Nf3 Nc6 3.Nc3 Nf6 4.Bb5 Qc7 5.O-O Nd4 6.Re1 a6 7.Bf1 e5 8.Nd5 Nxf3+
9.Qxf3 Nxd5 10.exd5 d6 11.c3 Be7 12.d4 O-O 13.dxe5 dxe5 14.c4 Bd6 15.b3 Bd7
16.Bb2 Rae8 17.Qg3 f6 18.Qh4 f5 19.f3 Rf6 20.Qf2 Rg6 21.g3 f4 22.Kh1 fxg3
23.hxg3 Rf8 24.Re4 Bf5 25.Rh4 Be7 26.Rh2 Bg4 27.Bg2 Bxf3 28.Re1 e4 29.Bxf3 Rxf3
30.Qe2 Qxg3 31.Qxe4 Bd6  0-1

[Event "Olympiad w"]
[Site "Bled SLO"]
[Date "2002.11.04"]
[Round "9"]
[White "Gaponenko,I"]
[Black "Micic,J"]
[Result "1-0"]
[WhiteElo "2411"]
[BlackElo "2357"]

1.e4 c5 2.Nf3 Nc6 3.Nc3 g6 4.d4 cxd4 5.Nxd4 Bg7 6.Be3 Nf6 7.Bc4 O-O 8.Bb3 a5
9.f3 d6 10.Qd2 Nxd4 11.Bxd4 Bd7 12.a4 Bc6 13.h4 h5 14.O-O-O Nd7 15.g4 hxg4
16.h5 Bxd4 17.hxg6 Qb6 18.gxf7+ Rxf7 19.Bxf7+ Kxf7 20.Rh7+ Bg7 21.fxg4 Nf6
22.Rxg7+ Kxg7 23.Rh1 Qc5 24.Qh6+ Kf7 25.g5 Qe3+ 26.Kb1 Ke6 27.gxf6 Qxh6 28.Rxh6 exf6
29.Kc1 Rg8 30.Kd2 Rg5 31.Kd3 Ke5 32.Rh7 Rg3+ 33.Kc4 Ke6 34.Nd5 Bxd5+ 35.exd5+ Ke5
36.Re7+ Kf4 37.Rxb7 f5 38.c3 Ke3 39.Re7+ Kd2 40.Rf7 Kc2 41.Rxf5 Kxb2 42.Rf2+ Ka3
43.Rf6 Kxa4 44.Rxd6 Rg4+ 45.Kd3 Rg3+ 46.Kd4 Rg4+ 47.Kd3 Rg3+ 48.Kc4 Rg4+
49.Kd3 Rg3+ 50.Kd4 Rg4+ 51.Ke5 Kb5 52.Rd8 Rg5+ 53.Kf6 Rg1 54.Rc8 Rf1+ 55.Ke6 Re1+
56.Kd7 a4 57.c4+ Kb4 58.c5 Rh1 59.Kc6 a3 60.Rb8+ Kc4 61.Ra8 Kd4  1-0

[Event "Olympiad w"]
[Site "Bled SLO"]
[Date "2002.11.04"]
[Round "9"]
[White "Lomibao,J"]
[Black "Benggawan,A"]
[Result "0-1"]
[WhiteElo "2081"]
[BlackElo "2046"]

1.e4 c5 2.Nc3 Nc6 3.Nge2 e6 4.g3 a6 5.f4 b5 6.e5 d5 7.exd6 Qxd6 8.Ne4 Qd7
9.Bg2 Bb7 10.d3 Nd4 11.O-O Nh6 12.Nxd4 cxd4 13.g4 O-O-O 14.Bd2 f5 15.gxf5 exf5
16.Ng5 Ng4 17.Bxb7+ Kxb7 18.Qf3+ Kb8 19.Rfe1 h6 20.Nh3 Bc5 21.b4 Bb6 22.a4 bxa4
23.Reb1 Rhe8 24.Ra2 Qd5 25.Qxd5 Rxd5 26.Nf2 Ne3 27.Rxa4 Nxc2 28.Rxa6 Kb7
29.Ra2 Ne3 30.Re1 Bc7 31.Nh3 Re6 32.Kf2 Ng4+ 33.Kg2 Rxe1 34.Bxe1 Rd8 35.Bd2 Re8
36.Bc1 Ne3+ 37.Kf3 Nd5 38.Bd2 Kb6 39.Ra5 Kc6 40.Rc5+ Kd6 41.Rc4 Bb6 42.b5 Bc5
43.Ra4 Rb8 44.Ng1 Rxb5 45.Ke2 Rb2 46.Ke1 Nb4 47.Ke2 Nd5 48.Ke1 Rb1+ 49.Kf2 Rb2
50.Ke1 Nc3 51.Nf3 Nxa4  0-1

[Event "Olympiad"]
[Site "Bled SLO"]
[Date "2002.11.05"]
[Round "10"]
[White "Peralta,E"]
[Black "Al Khaja,A"]
[Result "1-0"]
[WhiteElo "2355"]
[BlackElo "2090"]

1.e4 c5 2.Nf3 Nc6 3.Nc3 g6 4.g3 Bg7 5.Bg2 d6 6.O-O e5 7.d3 Nge7 8.Be3 O-O
9.Qd2 Nd4 10.Ne1 Be6 11.Bh6 Qd7 12.Bxg7 Kxg7 13.f4 exf4 14.gxf4 f5 15.Nd1 Rae8
16.Ne3 b6 17.b4 a6 18.c3 Ndc6 19.d4 cxd4 20.cxd4 d5 21.e5 b5 22.Nf3 h6 23.Rfc1 Rc8
24.Rc5 Rc7 25.Bf1 Rb8 26.Rac1 Rcc8 27.a3 Nd8 28.Ng2 Nb7 29.Rxc8 Nxc8 30.Nge1 Nb6
31.Nd3 Nc4 32.Qf2 Bf7 33.Rc3 a5 34.Nc5 Qe7 35.h4 Kh7 36.Bd3 axb4 37.axb4 Ra8
38.h5 Nd8 39.Nh4 Nc6 40.Qg3 Rg8 41.hxg6+ Bxg6 42.Kf2 Nxd4 43.e6 Qf6 44.Bxc4 bxc4
45.Re3 Nc2 46.Re5 Qe7 47.Rxd5 Nxb4 48.Rd7 Qxd7 49.exd7  1-0

[Event "Olympiad"]
[Site "Bled SLO"]
[Date "2002.11.05"]
[Round "10"]
[White "Mitkov,N"]
[Black "Kovalev,A"]
[Result "1-0"]
[WhiteElo "2529"]
[BlackElo "2555"]

1.e4 c5 2.Nc3 Nc6 3.Bb5 Nd4 4.Ba4 g6 5.Nf3 Bg7 6.O-O a6 7.Nxd4 cxd4 8.Ne2 b5
9.Bb3 Bb7 10.d3 e6 11.f4 Ne7 12.Qe1 Nc6 13.Qf2 Qe7 14.Bd2 d6 15.Kh1 Rg8 16.a4 b4
17.a5 O-O-O 18.c3 dxc3 19.bxc3 Kb8 20.Rfb1 Ka8 21.Ba4 Rb8 22.Qb6 Rgc8 23.Be3 Qc7
24.Rxb4 Qxb6 25.Rxb6 Bf6 26.Rbb1 e5 27.Rf1 Bd8 28.fxe5 Nxe5 29.Bc2 Bc7 30.h3 Re8
31.Rf6 d5 32.Ba4 Rec8 33.exd5 Nxd3 34.Bc6 Re8 35.Bxe8 Rxe8 36.Rxf7 Bd6 37.Rd7 Rxe3
38.Rxd6 Rxe2 39.Rd8+ Ka7 40.Rd7 Rb2 41.c4 Rb4 42.Rc7 Kb8 43.d6 Rb2 44.Rg1 Nf4
45.Rf7 Ne6 46.Rxh7 Kc8 47.c5 Bd5 48.Re7 Rc2 49.Rd1  1-0

[Event "Blue Autumn"]
[Site "Bucharest ROM"]
[Date "2002.11.05"]
[Round "14"]
[White "Lupulescu,C"]
[Black "Radovanovic,D"]
[Result "1-0"]
[WhiteElo "2480"]
[BlackElo "2334"]

1.e4 c5 2.Nf3 Nc6 3.Nc3 e5 4.Bc4 g6 5.d3 h6 6.Nd5 Bg7 7.a3 Nge7 8.c3 d6 9.b4 O-O
10.O-O Rb8 11.Be3 b6 12.Rb1 Bd7 13.Nd2 Nxd5 14.Bxd5 Ne7 15.Ba2 cxb4 16.axb4 Bb5
17.Bc4 Bxc4 18.dxc4 a5 19.bxa5 bxa5 20.Rb5 f5 21.Qb3 Rxb5 22.Qxb5 fxe4 23.Nxe4 Nf5
24.Bb6 Qa8 25.f3 a4 26.Ra1 a3 27.Qb3 Qb7 28.Rxa3 Rb8 29.c5+ Kh7 30.Qd1 dxc5
31.Bxc5 Qb2 32.Ra7 Kh8 33.h3 Nh4 34.Bf2 Qb1 35.Ra1 Qxd1+ 36.Rxd1 Nf5 37.g4 Ne7
38.Rd7 Ng8 39.Rf7 Rc8 40.Kf1 Rc6 41.Bh4  1-0

[Event "Olympiad"]
[Site "Bled SLO"]
[Date "2002.11.06"]
[Round "11"]
[White "Arizmendi Martinez,J"]
[Black "Uribe,M"]
[Result "1-0"]
[WhiteElo "2510"]
[BlackElo "2364"]

1.e4 c5 2.Nf3 Nc6 3.Nc3 Nf6 4.Bb5 Nd4 5.Bc4 d6 6.h3 e6 7.O-O Be7 8.Re1 O-O
9.d3 d5 10.exd5 exd5 11.Nxd5 Nxd5 12.Bxd5 Qxd5 13.Nxd4 cxd4 14.Rxe7 Be6 15.Bf4 Rfc8
16.Qe2 b5 17.Rc7 Rxc7 18.Bxc7 Rc8 19.Ba5 b4 20.Bxb4 Qb5 21.a3 a5 22.c4 Qb6
23.Be1 a4 24.Bb4 Bf5 25.Re1 h6 26.Qe5 Qg6 27.Qxd4 Bxh3 28.g3 Bf5 29.Re3 Qg5
30.Be7 Qh5 31.Bb4 Qd1+ 32.Kg2 Kh7 33.Qd5 Be6 34.Qe4+ Kg8 35.Bc3 Rc5 36.Qf3 Qc2
37.Rxe6 fxe6 38.Qg4 Rg5 39.Qxe6+ Kh7 40.Qe4+ Kg8 41.Qe8+ Kh7 42.Qe4+ Kg8
43.Bd4 Qd1 44.Qa8+ Kh7 45.Qe4+ Kg8 46.Qa8+ Kh7 47.Qf3 Qb3 48.Qe4+ Kg8 49.Qe8+ Kh7
50.Qe4+ Kg8 51.Be3 Ra5 52.c5 Qxb2 53.c6 Qe5 54.Qxe5 Rxe5 55.d4 Re8 56.d5 Rc8
57.Bb6 Kf7 58.d6 Ra8 59.d7 Ke7 60.Kf3 Rb8 61.Bc7 Rf8+ 62.Ke4 h5 63.Ke5 Ra8
64.Bd6+  1-0

[Event "Olympiad"]
[Site "Bled SLO"]
[Date "2002.11.07"]
[Round "12"]
[White "Thorhallsson,T"]
[Black "Parligras,M"]
[Result "1/2-1/2"]
[WhiteElo "2443"]
[BlackElo "2490"]

1.e4 c5 2.Nf3 Nc6 3.Nc3 e5 4.Bc4 Be7 5.d3 d6 6.Nd2 Nf6 7.Nf1 Bg4 8.f3 Be6
9.Ne3 O-O 10.O-O Rb8 11.a4 a6 12.g3 Nd4 13.Ncd5 b5 14.axb5 axb5 15.Ba2 Kh8
16.c3 Nc6 17.Bd2 Bd7 18.Qe2 Nxd5 19.Bxd5 Qb6 20.Kh1 Bf6 21.f4 exf4 22.Rxf4 Ne5
23.h4 Be6 24.Raf1 Nd7 25.R4f2 Rbe8 26.Kh2 Kg8 27.Bc1 Qd8 28.Bc6 Be5 29.Kg2 Qb6
30.Bd5 Qd8 31.Qd1 Qb6 32.Qe2 Qd8 33.Qd1 Bf6  1/2-1/2

[Event "Olympiad"]
[Site "Bled SLO"]
[Date "2002.11.08"]
[Round "13"]
[White "Johansen,D"]
[Black "Mossong,H"]
[Result "1-0"]
[WhiteElo "2512"]
[BlackElo "2200"]

1.e4 c5 2.Nc3 Nc6 3.Nf3 d6 4.d4 cxd4 5.Nxd4 e5 6.Nf3 h6 7.Bc4 Nf6 8.O-O Be7
9.Re1 O-O 10.h3 Na5 11.Bf1 Be6 12.b3 Rc8 13.Bb2 a6 14.Nd5 Nxd5 15.exd5 Bd7
16.a4 Qc7 17.c4 b6 18.Rc1 Nb7 19.Bd3 f5 20.Bb1 Rf7 21.Rc2 Bf6 22.Rce2 Re8
23.Nd4 Bg5 24.Ne6 Qc8 25.Nxg5 hxg5 26.Qd2 Qd8 27.Bc2 Ref8 28.b4 g4 29.hxg4 f4
30.Qd3 Rf6 31.Qh7+ Kf7 32.g5 Rh8 33.g6+  1-0